Quizzes
Events
Quiz Creation
Community
Videos
Private Events
Remove Ads
Sign In
Join for FREE
Feedback
Dark Mode
Quiz Categories
Sports
Geography
Music
Movies
Television
Just For Fun
Miscellaneous
History
Literature
Language
Science
Gaming
Entertainment
Religion
Holiday
For Kids
Quiz Lab
Recent
Popular Today
Quiz Kudos Today
Editor Picks
Curator Picks
Quizzes by...
Day
Popularity
Type
Ratings
Length
Year
Community
Subscriptions
Recent Discussions
Orange Saloon
Badges
Playlists
Quests
Create
Leaderboards
Showdown
Live 5
Trivia Bingo
Activity
Puzzle Library
Sporcle Events
Private Events
Virtual Trivia
Globe League
Become a Host
Pub Owners
SporcleCon
Opinionation
Our Games
Videos
Blog
Mobile Apps
Partnerships
Remove Ads and Go Orange
Feedback
Television
TV Characters
TV Show
Sitcom
Network
Friends
Reality Shows
Cast
South Park
Star Trek
The Simpsons
Doctor Who
Television
TV Characters
TV Show
Sitcom
Network
Friends
Reality Shows
Cast
South Park
Star Trek
The Simpsons
Doctor Who
Random Quiz
Search Sporcle
×
Quiz Lab
Quiz Lab
Television
Actor
Type in answers that appear in a list
Type in answers that appear in a list
Classic
Best Score? Go Orange.
30 Rock Guest Stars Stats
Can you name the 30 Rock Guest Stars?
By
T3canolis
20m
139 Questions
177 Plays
177 Plays
177 Plays
Comments
Comments
Give Quiz Kudos
Give Quiz Kudos
-
- Ratings
hide this ad
More Info
Replay
Link that replays current quiz
Next Quiz
Link to next quiz in quiz playlist
You Got
0%
They Got
Avg Score
49%
Avg Friend Score
Upgrade to see
Score Distribution
Jump to the score distribution portion of the page
Score
0/139
Timer
20:00
0
Plays Today
Character
Actor
% Correct
Himself (Late Night Host)
Conan O'Brien
91%
Greta Johanssen/
Maria/
Elizabeth Taylor etc. etc.
Rachel Dratch
86.4%
Dr. Leo Spaceman
Chris Parnell
82.5%
Devon Banks
Will Arnett
80.2%
Himself (CNN Host)
Larry King
80.2%
Dr. Drew Baird/
Abner/
David Brinkley (East Coast Only)
Jon Hamm
78.5%
Greenzo
David Schwimmer
78%
Himself (Actor)
Jerry Seinfeld
76.3%
Don Geiss
Rip Torn
75.7%
Gavin Volure
Steve Martin
75.7%
Avery Jessup
Elizabeth Banks
75.7%
Elisa Padriera
Salma Hayek
75.1%
Nancy Donovan
Julianne Moore
74.6%
Floyd
Jason Sudeikis
73.4%
Celeste Cunningham
Edie Falco
73.4%
Cooter Burger
Matthew Broderick
73.4%
Rosemary Howard
Carrie Fisher
72.9%
Carol
Matt Damon
71.8%
Himself (Nightly News Host)/
David Brinkley (West Coast Only)
Brian Williams
70.6%
Himself (Today Show Host)
Matt Lauer
70.1%
Himself (Late Night Host)/
Young Jack
Jimmy Fallon
70.1%
Eddie Donaghy
Nathan Lane
68.9%
Young Liz
Amy Poehler
68.9%
Colleen Donaghy
Elaine Stritch
68.4%
Herself (Entepeneur/
Talk Show Host/
Etc.)
Oprah Winfrey
68.4%
Milton Greene
Alan Alda
68.4%
Himself (Tennis Player)
John McEnroe
67.2%
Claire Harper
Jennifer Aniston
67.2%
Paul/
Tomas
Will Forte
66.7%
Kim Jong-
Il/
Kim Jong-
Un
Margaret Cho
66.7%
Young P.A./
Gay Kid/
Young Tracy Jordan
Donald Glover
66.1%
Lenny Wosniak
Steve Buscemi
66.1%
Gerhardt
Paul Reubens
65%
Liz Lemon [in flashbacks]
Julia Louis-Dreyfus
64.4%
Criss
James Marsden
64.4%
Angie Jordan
Sherri Shepherd
63.3%
Ridikolus
LL Cool J
63.3%
Himself (Politician/
Activist)
Al Gore
63.3%
Herself (Singer)
Sheryl Crow
63.3%
Himself (Astronaut)
Buzz Aldrin
63.3%
Raheem Haddad/
Frank 2.0/
Telethon Woman/
Man Backstage
Fred Armisen
62.7%
Dennis Duffy
Dean Winters
61.6%
Wesley
Michael Sheen
61.6%
Katherine Catherine
Molly Shannon
61%
Himself (Mayor)
Michael Bloomberg
60.5%
Himself (Today Show Host)
Al Roker
59.9%
Bev
Megan Mullally
59.3%
Character
Actor
% Correct
Verna Maroney
Jan Hooks
58.3%
Lynn Onkman
Susan Sarandon
57.6%
Himself (Musician)
Elvis Costello
57.1%
Kaylie Hooper
Chloë Grace Moretz
57.1%
Himself (Fashion Designer)
Calvin Klein
55.9%
Himself (Singer)
Adam Levine
55.9%
Regina Bookman
Queen Latifah
55.9%
Detective Odafin Tutuola/
Himself (Actor)
Ice-T
55.9%
Phoebe
Emily Mortimer
55.4%
Himself (MSNBC Host)
Chris Matthews
54.8%
Mitch Lemon
Andy Richter
54.8%
Diana Jessup
Mary Steenburgen
54.8%
Steven Black
Wayne Brady
54.2%
Hazel Wassername
Kristen Schaal
54.2%
Himself (Swimmer)
Ryan Lochte
53.7%
Shane Hunter
Will Ferrell
53.1%
Herself (Host)
Gayle King
52.5%
Jesse Parcell
Sean Hayes
51.4%
Candace Van der Shark
Kristen Wiig
51.4%
Herself (Actress)
Denise Richards
51.4%
Dave Williams
Jim Carrey
51.4%
Herself (Today Show Host)
Kathie Lee Gifford
50.8%
Herself (Singer)
Mary J. Blige
49.7%
Ron
Bryan Cranston
49.7%
Herself (Today Show Host)
Hoda Kotb
49.2%
Lorne
John Cho
48.6%
Himself (Political Strategist)
James Carville
47.5%
Himself (Singer)
Clay Aiken
47.5%
Herself (Chef/
Talk Show Host)
Rachel Ray
47.5%
Hannibal/
Bum/
Homeless Guy
Hannibal Buress
46.3%
Herself (Today Show Host)
Meredith Vieira
45.8%
Himself (Today Show/
Nightly News Host)
Lester Holt
45.2%
Sergeant John Munch/
Himself (Actor)
Richard Belzer
45.2%
Himself (Rapper)
Ghostface Killah
43.5%
Abby Flynn
Cristin Milioti
42.9%
Herself (Singer)
Gladys Knight
40.7%
Himself (Dateline Host)
Chris Hansen
40.1%
Himself (Talk Show Host)
Regis Philbin
40.1%
Pearline
Catherine O'Hara
40.1%
Himself (Musician)
Paul McCartney
39.5%
Herself (MSNBC Host)
Rachel Maddow
39%
Himself (Writer)
Aaron Sorkin
38.4%
Rick Wayne
Jeff Dunham
37.3%
Himself (Musician)
Jon Bon Jovi
37.3%
Herself (Today Show Host)
Ann Curry
37.3%
Steven Austin
John Slattery
37.3%
Claire Williams
Andie MacDowell
37.3%
Character
Actor
% Correct
Ritchie
Paul Giamatti
36.7%
Herself (Chef)
Ina Garten
36.7%
Herself (Politician)
Condolezza Rice
36.2%
Himself (Actor)
John Lithgow
35.6%
Rep. [Himself]/
Talking Dog
Rob Reiner
35.6%
Herself (Talk Show Host)
Kelly Ripa
35.6%
Roger
Gary Cole
35.6%
Herself (Today Show Host)
Savannah Guthrie
35.6%
MILF Island Host
Rob Huebel
35%
Homonym Host
Steve Higgins
35%
Donny Lawson
Paul Scheer
34.5%
Himself (Singer)
Tony Bennett
34.5%
Herself (Congresswoman)
Nancy Pelosi
34.5%
Tom
Michael Keaton
33.9%
Martin Lutherking
Tim Meadows
33.3%
Himself (Actor)
Andy Samberg
31.6%
Himself (Actor)
Adam West
31.1%
Himself (Actor)
Tom Hanks
31.1%
Herself (Actress/
Talk Show Host)
Whoopi Goldberg
30.5%
Himself (Actor)
Kelsey Grammer
30.5%
Stewart
Peter Dinklage
29.9%
Himself (Daytime TV Host)
Maury Povich
29.4%
Himself (Actor)
James Franco
29.4%
Maynard
Horatio Sanz
29.4%
Kevin
Bill Hader
29.4%
Himself (Actor)
Robert De Niro
29.4%
Himself (Rapper)
Mike D.
28.2%
Himself (Musician)
Weird Al Yankovic
28.2%
Herself (Actress)
Emma Stone
27.7%
Mankind
Mick Foley
27.7%
Herself (Actress)
Octavia Spencer
26.6%
Herself (Actress)
Betty White
26%
Sid
Don Pardo
25.4%
Himself (Rapper)
Adam Horovitz
24.9%
Jessica
Janel Moloney
23.2%
Stewart Derr
Bobby Moynihan
22%
Brian
Nate Corddry
21.5%
Himself (Actor/
Host)
Nick Cannon
21.5%
Sportscaster
Keith Olbermann
20.9%
Henry Warren
Stanley Tucci
20.9%
Himself (Actor)
John Amos
19.2%
Himself (Actor)
Don Cheadle
18.6%
Reggie
Rob Riggle
18.1%
Himself (Game Show Host)
Ben Bailey
16.9%
Terry
John Hodgman
15.3%
Quiz Playlist
Details
Report
Send in Message
Add To Playlist
More Info:
*Max of 6 episodes listed. **(Parentheses) indicate extra information
Classic:
Type in answers that appear in a list
Last Updated: Jan 14, 2018
Quiz Scoreboard
CHALLENGE
Sign Up to Join the Scoreboard
Show All
Scores
Hide
Comments
May contain spoilers
Recently Published
9x9 Crossword: Cartoon Network
by jackfrog10
Miscellaneous
3m
College Basketball Coaching Resumes
by pancakes188
Sports
9m
Billboard Blitz: Fleetwood Mac
by CooCooCachoo
Music
15s
More to Explore
Quiz From the Vault
Featured Blog Post
Where Did the Easter Bunny Come From?
hide this ad
You Might Also Like...
Tags
Actor Quiz
30 Rock
Character
episode
guest
Guest Stars
star
Today's Top Quizzes in Television
Browse Television
hide this ad
Today's Top Quizzes in Actor
Browse Actor
Top Contributed Quizzes in Television
1
5-to-1: The Simpsons Families
2
5-to-1: Television Doctors
3
7-to-1: TV Show Settings
4
5-to-1: Streaming Originals
5
Adjectives in 00s TV Shows
6
One Piece Logic Puzzle
7
Survivor Seasons
8
Adjectives in 80s TV Shows
9
All US Survivor Seasons in Order
10
Adjectives in 10s TV Shows
Explore More
Trending Topics
Anime
NBA
Kpop
Disney
Crossword
Harry Potter
Marvel
Puzzle
Country
NFL
WWE
Pokémon
Song
Soccer
The Office
hide this ad
More By:
T3canolis
Quiz
Plays
Rating
Category
Featured
Created
Academy Award Acting Nominees (2010s)
3,193
4.67
Movies
Jan 14, 2015
Parks and Recreation Minor Characters (slideshow)
2,190
4.68
Television
Jan 14, 2015
NBA Player by Mugshot
2,095
3.69
Sports
Jun 5, 2015
Parks and Recreation Cast Photo
1,988
4.71
Television
Jan 23, 2015
NFL Player by Mugshot
1,790
5.00
Sports
Jun 5, 2015
Go to Creator's Profile
Score Distribution
Quiz Creator Spotlight
T3canolis
Follow
Send a Message
Quizzes Created
-
Created Quiz Play Count
-
More By This Creator
Popular Quizzes Today
1
Find the US States - No Outlines Minefield
2
Find the Countries of Europe - No Outlines Minefield
3
The Countries of the World
4
Find the US States
5
Risky Map Clicking: Biggest States A-Z
6
US States
7
Popular People in 1961
8
Movies - When Are They Set?
More Television Quizzes
Star Trek: Click-the-Artificial Intelligence
Quiz Lab
Trending Quizzes
Risky Map Clicking: Least Populous States A-Z
1-10 Letter G Words
1-10 Letter F Words
Risky Map Clicking: Next State Alphabetically
Adjectives in 80s TV Shows
Recently Updated
Leaping Animals
pecheneg
Reality TV Shows (A-Z)
bhenderson79
Rickey Henderson's Hall of Fame Teammates
pecheneg
Champions League XIs: Arsenal
pecheneg
Quick Pick: Celebrities in WWE's Hall of Fame
aduchscher
A-Z Keypad Blitz II
pecheneg
Multiple Oscar Actors
pecheneg
Mystery Phrase Blitz: Oscar 'Best Actors'
pecheneg
F. Scott Fitzgerald Novels
LTH
Pick 3 Villains
ddd62291
Trending Topics
Marvel
Harry Potter
Crossword
Disney
Kpop
Anime
NBA
Country
Soccer
The Office
Song
WWE
Pokémon
NFL
Puzzle
Your Account Isn't Verified!
In order to create a playlist on Sporcle, you need to verify the email address you used during registration. Go to your
Sporcle Settings
to finish the process.
Report this User
Report this user for behavior that violates our
Community Guidelines
.
Details:
Send Report
Go to the Sporcle.com Mobile Site →
Comments